[Event "Airthings Masters - Torneo Preliminare"]
[Site "Internet"]
[Date "03.02.2023"]
[Round "5"]
[White "Petrosyan, Manuel"]
[Black "Salgado Lopez, Ivan"]
[Result "1-0"]
[WhiteTitle ""]
[BlackTitle ""]
[WhiteElo "2634"]
[BlackElo "2591"]
[WhiteFideId "13300857"]
[BlackFideId "2257327"]
[EventDate "2023.02.03"]

1. d4 e6 2. Nf3 Nf6 3. Bf4 b6 4. e3 Bb7 5. Be2 Be7 6. h3 d6 7. O-O Nbd7 8. a4 a5
9. Nc3 h6 10. Bh2 O-O 11. Nd2 Nd5 12. Nb5 N5f6 13. Bf3 Qc8 14. Ra3 Re8 15. Rc3
Bxf3 16. Qxf3 Nd5 17. Rc4 c6 18. Ne4 cxb5 19. Rxc8 Rexc8 20. Bxd6 bxa4 21. Bxe7
Nxe7 22. Nd6 Rf8 23. c4 Rab8 24. Ra1 Nc8 25. Nb5 Rd8 26. Rxa4 Nf6 27. b4 axb4
28. Rxb4 Ne7 29. Ra4 h5 30. Ra7 Nc8 31. Rc7 Nd6 32. Nxd6 Rxd6 33. g4 hxg4 34.
hxg4 Rf8 35. g5 Nh7 36. Qg3 Rdd8 37. g6 Nf6 38. gxf7+ Rxf7 39. Rxf7 Kxf7 40.
Qc7+ Rd7 41. Qxb6 1-0

[Event "Airthings Masters - Torneo Preliminare"]
[Site "Internet"]
[Date "03.02.2023"]
[Round "5"]
[White "Maghsoodloo, Parham"]
[Black "Pichot, Alan"]
[Result "0-1"]
[WhiteTitle ""]
[BlackTitle ""]
[WhiteElo "2728"]
[BlackElo "2638"]
[WhiteFideId "12539929"]
[BlackFideId "110973"]
[EventDate "2023.02.03"]

1. d4 Nf6 2. c4 e6 3. Nf3 d5 4. Nc3 dxc4 5. e4 b5 6. e5 Nfd7 7. Nxb5 Nb6 8. Be2
Nc6 9. a3 Bb7 10. Nc3 Be7 11. h4 Qd7 12. Be3 Na5 13. Qc2 f5 14. exf6 gxf6 15.
Rd1 O-O-O 16. Bf4 Rhg8 17. Bg3 Bd6 18. Bxd6 Qxd6 19. g3 Rxg3 20. Ne4 Bxe4 21.
Qxe4 Rg7 22. h5 Nc6 23. Qh4 f5 24. h6 Rg4 25. Qf6 Nd5 26. Qf7 Rf8 27. Qh5 Nf4
28. Qh2 Qd5 29. Ng1 Rh4 30. Qxh4 Ng2+ 31. Kf1 Nxh4 32. Rxh4 Rg8 33. Nf3 Rg4 34.
Rxg4 fxg4 35. Ng1 Qf5 36. Bxc4 g3 37. Rd2 Qf4 38. Bxe6+ Kb8 39. Re2 Nxd4 40. Nh3
g2+ 0-1

[Event "Airthings Masters - Torneo Preliminare"]
[Site "Internet"]
[Date "03.02.2023"]
[Round "5"]
[White "Fier, Alexandr"]
[Black "Indjic, Aleksandar"]
[Result "1-0"]
[WhiteTitle ""]
[BlackTitle ""]
[WhiteElo "2606"]
[BlackElo "2641"]
[WhiteFideId "2107139"]
[BlackFideId "911925"]
[EventDate "2023.02.03"]

1. e4 e5 2. Nf3 Nc6 3. Bc4 Nf6 4. d3 Bc5 5. Bg5 h6 6. Bh4 a6 7. a4 Be7 8. Bg3 d6
9. h3 Nh5 10. Bh2 g6 11. Nc3 Bg5 12. Nd5 Be6 13. c3 Na5 14. Ba2 b5 15. h4 Bf6
16. d4 Bxd5 17. Bxd5 c6 18. Ba2 Qe7 19. b4 Nb7 20. axb5 axb5 21. dxe5 Bxe5 22.
Nxe5 dxe5 23. Bd5 Rc8 24. Bb3 Nd6 25. O-O O-O 26. Qg4 Kg7 27. Rfd1 Ra8 28. Rxa8
Rxa8 29. Qe2 Nf4 30. Bxf4 exf4 31. e5 Nf5 32. e6 Qxh4 33. exf7 Qf6 34. Qe8 1-0

[Event "Airthings Masters - Torneo Preliminare"]
[Site "Internet"]
[Date "03.02.2023"]
[Round "5"]
[White "Predke, Alexandr"]
[Black "Vokhidov, Shamsiddin"]
[Result "1/2-1/2"]
[WhiteTitle ""]
[BlackTitle ""]
[WhiteElo "2684"]
[BlackElo "2601"]
[WhiteFideId "24107581"]
[BlackFideId "14204223"]
[EventDate "2023.02.03"]

1. e4 c5 2. Nf3 e6 3. d4 cxd4 4. Nxd4 Nc6 5. Nc3 Qc7 6. Be2 Nf6 7. Ndb5 Qb8 8.
f4 a6 9. e5 axb5 10. exf6 b4 11. fxg7 Bxg7 12. Nb5 O-O 13. O-O d5 14. Kh1 Bd7
15. Rf3 f5 16. c3 bxc3 17. bxc3 Kh8 18. Be3 Ne7 19. Bd4 Bxb5 20. Bxb5 Ng6 21.
Bxg7+ Kxg7 22. Qd4+ e5 23. fxe5 Qxe5 24. a4 Rac8 25. Re1 Qxd4 26. cxd4 f4 27.
Rb3 Rf7 28. Kg1 Rc2 29. Be8 Rfc7 30. Bxg6 hxg6 31. Reb1 R2c4 32. Rxb7 Rxb7 33.
Rxb7+ Kf6 34. a5 Rxd4 35. a6 Ra4 36. a7 Ra2 37. h4 Kf5 38. Rg7 d4 39. Kf1 d3 40.
Ke1 Kf6 41. Rd7 Ke6 42. Rxd3 Rxa7 43. Kf2 1/2-1/2

[Event "Airthings Masters - Torneo Preliminare"]
[Site "Internet"]
[Date "03.02.2023"]
[Round "5"]
[White "Shevchenko, Kirill"]
[Black "Darini, Pouria"]
[Result "0-1"]
[WhiteTitle ""]
[BlackTitle ""]
[WhiteElo "2662"]
[BlackElo "2405"]
[WhiteFideId "14129574"]
[BlackFideId "12502200"]
[EventDate "2023.02.03"]

1. d4 Nf6 2. Bg5 Ne4 3. Bf4 d5 4. e3 Bf5 5. Bd3 Bg6 6. Nd2 Nxd2 7. Qxd2 e6 8.
Nf3 Nd7 9. h4 Bd6 10. h5 Bxd3 11. Qxd3 h6 12. O-O-O Qe7 13. Kb1 O-O-O 14. Bxd6
cxd6 15. e4 dxe4 16. Qxe4 Nf6 17. Qe2 Kb8 18. c4 Rc8 19. Rc1 Rhe8 20. Nd2 e5 21.
d5 e4 22. Rh3 Qe5 23. Rcc3 Qf5 24. Rhe3 Re5 25. Ka1 Qxh5 26. Qxh5 Rxh5 27. Rh3
Rf5 28. f3 exf3 29. Nxf3 Ne4 30. Rc1 Rxd5 31. b3 Rd3 32. Rh4 f5 33. Re1 d5 34.
Ne5 Rd2 35. c5 Nc3 0-1

[Event "Airthings Masters - Torneo Preliminare"]
[Site "Internet"]
[Date "03.02.2023"]
[Round "5"]
[White "Rustemov, Alexander"]
[Black "Ter-Sahakyan, Samvel"]
[Result "1-0"]
[WhiteTitle ""]
[BlackTitle ""]
[WhiteElo "2525"]
[BlackElo "2616"]
[WhiteFideId "4119002"]
[BlackFideId "13302531"]
[EventDate "2023.02.03"]

1. d4 Nf6 2. c4 e6 3. Nf3 d5 4. Nc3 Bb4 5. Bg5 h6 6. Bxf6 Qxf6 7. e3 O-O 8. Qb3
Bxc3+ 9. bxc3 c6 10. Be2 Nd7 11. O-O Qe7 12. a4 b6 13. cxd5 cxd5 14. Qb4 Re8 15.
a5 bxa5 16. Rxa5 Nb6 17. Rfa1 Qxb4 18. cxb4 Re7 19. Ne5 Rb7 20. Nc6 Bd7 21. b5
Nc4 22. Bxc4 dxc4 23. Kf1 Rb6 24. Nxa7 g5 25. Ke2 Kg7 26. Kd2 Rab8 27. Rb1 R8b7
28. Kc3 e5 29. d5 Rf6 30. Rb2 Rd6 31. Kxc4 1-0

[Event "Airthings Masters - Torneo Preliminare"]
[Site "Internet"]
[Date "03.02.2023"]
[Round "5"]
[White "Kovalenko, Igor"]
[Black "Sevian, Samuel"]
[Result "0-1"]
[WhiteTitle ""]
[BlackTitle ""]
[WhiteElo "2674"]
[BlackElo "2687"]
[WhiteFideId "14117908"]
[BlackFideId "2040506"]
[EventDate "2023.02.03"]

1. c4 e5 2. Nc3 Nf6 3. Nf3 Nc6 4. g3 d5 5. cxd5 Nxd5 6. Bg2 Nb6 7. O-O Be7 8. a3
O-O 9. b4 Be6 10. e3 a6 11. d3 Qd7 12. Qc2 Bh3 13. Bb2 Rad8 14. Rad1 Bxg2 15.
Kxg2 f5 16. Ne2 Bd6 17. d4 e4 18. Ne5 Bxe5 19. dxe5 Qe6 20. Nf4 Qc4 21. Rc1 Qxc2
22. Rxc2 Rc8 23. Rfc1 Rfe8 24. Rxc6 bxc6 25. Rxc6 Nd7 26. e6 Nb8 27. Rc5 g5 28.
Nh5 Rxe6 29. Rxf5 h6 30. Nf6+ Kf7 31. g4 Ke7 32. h4 gxh4 33. Kh3 c6 34. Kxh4 Nd7
35. Nxd7 Kxd7 36. Kh5 Rb8 37. Bd4 Ke8 38. Bc5 Rd8 39. Rf8+ Kd7 40. Rf7+ Ke8 41.
Rf8+ Kd7 42. Rf7+ Kc8 43. Kh4 Rg6 44. Rf4 Re6 45. a4 Rg8 46. a5 Kd7 47. Rf7+ Kc8
48. Rf4 Kd7 49. Rf7+ Ke8 50. Rf4 Re5 51. Rf6 Kd7 52. Rd6+ Kc7 53. Rxh6 Reg5 54.
Bd6+ Kb7 55. Rh7+ Kc8 56. Rc7+ Kd8 57. Ra7 Rxg4+ 58. Kh3 R4g7 59. Rxg7 Rxg7 60.
Be5 Rg8 61. Bg3 Kd7 62. Kg2 Ke6 63. f3 Kd5 64. Kf2 Rf8 65. Bf4 Kc4 66. fxe4 Kxb4
67. Kg3 c5 68. Kg4 Kb3 69. e5 c4 70. Bh6 Rh8 71. Bf4 Rg8+ 72. Kh5 c3 73. e4 c2
74. e6 0-1

[Event "Airthings Masters - Torneo Preliminare"]
[Site "Internet"]
[Date "03.02.2023"]
[Round "5"]
[White "Mamedov, Rauf"]
[Black "Robson, Ray"]
[Result "1-0"]
[WhiteTitle ""]
[BlackTitle ""]
[WhiteElo "2646"]
[BlackElo "2702"]
[WhiteFideId "13401653"]
[BlackFideId "2023970"]
[EventDate "2023.02.03"]

1. e4 e5 2. Nf3 Nc6 3. Bb5 Nf6 4. Qe2 Bc5 5. c3 O-O 6. O-O Re8 7. d3 a6 8. Ba4
b5 9. Bb3 h6 10. Rd1 d6 11. Nbd2 Be6 12. Nf1 Bxb3 13. axb3 d5 14. b4 Bf8 15. Ng3
Qd7 16. h3 a5 17. bxa5 Rxa5 18. Rxa5 Nxa5 19. Be3 c5 20. exd5 Nxd5 21. Nh4 Nc6
22. Nhf5 Kh7 23. Qf3 g6 24. Nd6 Re6 25. Bxc5 Nf6 26. Nde4 Bg7 27. Be3 Nxe4 28.
Nxe4 Re8 29. Ra1 f5 30. Nc5 Qc7 31. Qd5 Rd8 32. Qb3 Rb8 33. Na6 1-0

[Event "Airthings Masters - Torneo Preliminare"]
[Site "Internet"]
[Date "03.02.2023"]
[Round "5"]
[White "Bartel, Mateusz"]
[Black "Tang, Andrew"]
[Result "0-1"]
[WhiteTitle ""]
[BlackTitle ""]
[WhiteElo "2615"]
[BlackElo "2522"]
[WhiteFideId "1112635"]
[BlackFideId "2059630"]
[EventDate "2023.02.03"]

1. e4 e5 2. Nf3 Nc6 3. Bb5 g6 4. O-O Bg7 5. c3 a6 6. Ba4 b5 7. Bb3 Na5 8. Bc2
Ne7 9. d3 O-O 10. Be3 f5 11. b4 Nac6 12. a4 Rb8 13. axb5 axb5 14. Bb3+ Kh8 15.
Ng5 Qe8 16. f3 h6 17. Nh3 f4 18. Bd2 g5 19. Be1 Qg6 20. Kh1 d6 21. Ng1 h5 22.
Nd2 Bf6 23. Bc2 g4 24. Qe2 Rg8 25. Nb3 Be6 26. Nd2 Rg7 27. d4 Bd7 28. d5 Nd8 29.
Ra7 Rc8 30. Bd3 Nf7 31. c4 bxc4 32. Nxc4 h4 33. Nb6 h3 34. gxh3 gxh3 35. Nxh3
Bxh3 0-1

[Event "Airthings Masters - Torneo Preliminare"]
[Site "Internet"]
[Date "03.02.2023"]
[Round "5"]
[White "Daggupati, Balaji"]
[Black "Shimanov, Aleksandr"]
[Result "1-0"]
[WhiteTitle ""]
[BlackTitle ""]
[WhiteElo "2507"]
[BlackElo "2581"]
[WhiteFideId "2090759"]
[BlackFideId "4198603"]
[EventDate "2023.02.03"]

1. e4 c6 2. d4 d5 3. e5 Bf5 4. Bd3 Bxd3 5. Qxd3 e6 6. Nf3 Qa5+ 7. Nbd2 Qa6 8. c4
Nh6 9. O-O Be7 10. b3 O-O 11. a4 Rd8 12. Ba3 Bxa3 13. Rxa3 Nf5 14. g4 dxc4 15.
Qe4 Ne7 16. Ng5 Ng6 17. Nxc4 Nd7 18. h4 Ndf8 19. h5 Ne7 20. Qf3 Rxd4 21. Qxf7+
Kh8 22. Qxe7 Rxg4+ 23. Kh2 b5 24. axb5 Qxb5 25. Rxa7 Rxg5 26. Rxa8 Rxh5+ 27. Kg1
h6 28. Qxf8+ Kh7 29. Qg8+ Kg6 30. Qxe6+ Kg5 31. Ne3 Kf4 32. Qg4+ 1-0

[Event "Airthings Masters - Torneo Preliminare"]
[Site "Internet"]
[Date "03.02.2023"]
[Round "5"]
[White "Sarana, Alexey"]
[Black "Muradli, Mahammad"]
[Result "1-0"]
[WhiteTitle ""]
[BlackTitle ""]
[WhiteElo "2668"]
[BlackElo "2539"]
[WhiteFideId "24133795"]
[BlackFideId "13409301"]
[EventDate "2023.02.03"]

1. d4 Nf6 2. c4 e6 3. Nc3 Bb4 4. e3 O-O 5. Bd3 d5 6. a3 Bxc3+ 7. bxc3 c5 8. cxd5
exd5 9. Ne2 Re8 10. O-O Nc6 11. f3 Na5 12. g4 h5 13. g5 Ne4 14. fxe4 dxe4 15.
Bb5 Qxg5+ 16. Ng3 Bg4 17. Be2 Bxe2 18. Qxe2 g6 19. Qg2 Nc4 20. Rf4 Nd6 21. h4
Qd5 22. Bd2 Kh7 23. Raf1 f5 24. Ne2 Qa2 25. Bc1 Nf7 26. R4f2 Nh6 27. Nf4 Qg8 28.
Qg5 Qf7 29. Rg2 Rg8 30. d5 c4 31. Ne6 Rae8 32. Qf4 Qf6 33. Ng5+ Kh8 34. Qc7 Rg7
35. Qxc4 Qd6 36. Qd4 Ng4 37. c4 1-0

[Event "Airthings Masters - Torneo Preliminare"]
[Site "Internet"]
[Date "03.02.2023"]
[Round "5"]
[White "Vasquez Schroeder, Rodrigo"]
[Black "Guliyev, Namig"]
[Result "1-0"]
[WhiteTitle ""]
[BlackTitle ""]
[WhiteElo "2513"]
[BlackElo "2528"]
[WhiteFideId "3400042"]
[BlackFideId "13400363"]
[EventDate "2023.02.03"]

1. d4 d5 2. Nf3 Nf6 3. c4 dxc4 4. e3 e6 5. Bxc4 a6 6. Bd3 c5 7. O-O b6 8. b3 Bb7
9. Bb2 Nbd7 10. Nbd2 cxd4 11. Nxd4 Bc5 12. N4f3 O-O 13. Qe2 Qe7 14. Nc4 Rac8 15.
Rfd1 Rfd8 16. Rac1 b5 17. Nce5 Nxe5 18. Nxe5 Ba3 19. Bb1 Rxd1+ 20. Rxd1 Bxb2 21.
Qxb2 Qc5 22. Nd3 Qc3 23. Qxc3 Rxc3 24. Nc5 Bc6 25. Nxa6 Kf8 26. Nb4 Ke7 27. Bd3
Be8 28. Kf1 h6 29. Ke2 g5 30. Kd2 Rc7 31. h3 Ra7 32. Kc3 h5 33. g3 h4 34. gxh4
gxh4 35. Rg1 Nd5+ 36. Nxd5+ exd5 37. Kb2 Bd7 38. Rg5 Ra6 39. Rxd5 Rf6 40. Re5+
Kd6 41. f4 Bxh3 42. Rh5 Re6 43. e4 Bg2 44. e5+ Kc5 45. Rxh4 Bd5 46. b4+ Kb6 47.
Rh2 Re8 48. Rh6+ Kc7 49. Bxb5 Rg8 50. a4 Rg3 51. Rd6 Be6 52. Rd4 Rb3+ 53. Kc2
Ra3 54. a5 Ra2+ 55. Kb1 Rf2 56. Bd3 Kc6 57. Kc1 Bd5 58. a6 Ra2 59. Kb1 Ra3 60.
Kb2 Ra2+ 61. Kc3 Ra3+ 62. Kd2 Ra2+ 63. Ke3 Ra3 64. f5 Ra1 65. Kf4 Bh1 66. Rd6+
Kc7 67. b5 Ra4+ 68. Kg5 Rb4 69. Kf6 1-0

[Event "Airthings Masters - Torneo Preliminare"]
[Site "Internet"]
[Date "03.02.2023"]
[Round "5"]
[White "Suleymanli, Aydin"]
[Black "Azarov, Sergei"]
[Result "0-1"]
[WhiteTitle ""]
[BlackTitle ""]
[WhiteElo "2552"]
[BlackElo "2559"]
[WhiteFideId "13413937"]
[BlackFideId "13501470"]
[EventDate "2023.02.03"]

1. d4 Nf6 2. c4 e6 3. Nf3 b6 4. g3 Bb7 5. Bg2 Be7 6. O-O O-O 7. Re1 Na6 8. a3 c5
9. d5 exd5 10. Nh4 Ne4 11. cxd5 Bxh4 12. Bxe4 Bf6 13. Qc2 g6 14. Bf4 d6 15. Nc3
Nc7 16. Rad1 Re8 17. Bg2 Be5 18. Bxe5 Rxe5 19. e4 g5 20. f4 gxf4 21. gxf4 Rh5
22. Re3 Kh8 23. Ne2 Qf6 24. e5 dxe5 25. Ng3 Rh6 26. d6 Qxf4 27. Qf2 Rxh2 28.
Kxh2 Qxf2 29. Re2 Qf4 30. dxc7 Rg8 31. Rd8 Qxg3+ 32. Kh1 0-1

[Event "Airthings Masters - Torneo Preliminare"]
[Site "Internet"]
[Date "03.02.2023"]
[Round "5"]
[White "Nguyen, Ngoc Truong Son"]
[Black "Mikaelyan, Arman"]
[Result "1-0"]
[WhiteTitle ""]
[BlackTitle ""]
[WhiteElo "2645"]
[BlackElo "2496"]
[WhiteFideId "12401110"]
[BlackFideId "13304852"]
[EventDate "2023.02.03"]

1. d4 d5 2. c4 c6 3. Nf3 Nf6 4. Nc3 e6 5. e3 Nbd7 6. Qc2 Bd6 7. Be2 O-O 8. O-O
dxc4 9. Bxc4 a6 10. Rd1 b5 11. Be2 Qc7 12. e4 e5 13. Bg5 exd4 14. Rxd4 Ne5 15.
Bxf6 gxf6 16. g3 Nxf3+ 17. Bxf3 Be5 18. Rd2 Be6 19. Rc1 Rad8 20. b3 Rxd2 21.
Qxd2 Rd8 22. Nd5 Qd7 23. Rxc6 Bxd5 24. Qxd5 Qe7 25. Qc5 Qxc5 26. Rxc5 Rd2 27.
Rd5 Rxa2 28. Bh5 Rc2 29. f4 Bc7 30. Rd7 Bb6+ 31. Kh1 Rc7 32. Rd6 Rb7 33. Rxf6
Kg7 34. e5 a5 35. Bf3 Rb8 36. Bd5 a4 37. bxa4 bxa4 38. Rxf7+ Kh8 39. e6 Bc5 40.
Rc7 Bd6 41. Rd7 Bb4 42. e7 Ba5 43. f5 a3 44. f6 a2 45. Bxa2 1-0

[Event "Airthings Masters - Torneo Preliminare"]
[Site "Internet"]
[Date "03.02.2023"]
[Round "5"]
[White "Lobanov, Sergei"]
[Black "Tan, Zhongyi"]
[Result "0-1"]
[WhiteTitle ""]
[BlackTitle ""]
[WhiteElo "2545"]
[BlackElo "2530"]
[WhiteFideId "24183750"]
[BlackFideId "8603642"]
[EventDate "2023.02.03"]

1. e4 c5 2. Nf3 d6 3. d4 cxd4 4. Nxd4 Nf6 5. Nc3 g6 6. Be3 Bg7 7. f3 O-O 8. Qd2
Nc6 9. O-O-O d5 10. exd5 Nxd5 11. Nxc6 bxc6 12. Bd4 e5 13. Bc5 Be6 14. Ne4 Re8
15. h4 h5 16. g4 Nf4 17. g5 Bd5 18. Qe3 Qa5 19. a3 Ne6 20. Bb4 Qb6 21. Re1 c5
22. Nxc5 Nxc5 23. Bxc5 Qb7 24. Rh2 e4 25. Bd4 Bxd4 26. Qxd4 exf3 27. Rd1 Rad8
28. Rhd2 Be4 29. Qxd8 Rxd8 30. Rxd8+ Kg7 31. Bc4 Qc7 32. b3 f2 33. R8d6 f1=Q 34.
Rxf1 Qxd6 35. Rxf7+ Kh8 36. Rf6 Qxa3+ 37. Kd2 Qb4+ 38. c3 Qc5 39. Rf4 Qd6+ 40.
Ke3 Bf5 41. Rd4 Qg3+ 42. Ke2 Bg4+ 43. Kd2 Qxh4 44. Rd8+ Kg7 0-1

[Event "Airthings Masters - Torneo Preliminare"]
[Site "Internet"]
[Date "03.02.2023"]
[Round "5"]
[White "Durarbayli, Vasif"]
[Black "Kovalev, Vladislav"]
[Result "1-0"]
[WhiteTitle ""]
[BlackTitle ""]
[WhiteElo "2635"]
[BlackElo "2623"]
[WhiteFideId "13402935"]
[BlackFideId "13504398"]
[EventDate "2023.02.03"]

1. e4 e5 2. Nf3 Nc6 3. Bb5 a6 4. Ba4 Nf6 5. O-O Be7 6. d3 b5 7. Bb3 d6 8. a4 b4
9. a5 O-O 10. h3 Rb8 11. Nbd2 Be6 12. Nc4 h6 13. Be3 Rb7 14. Qe2 Nb8 15. Nfd2 c5
16. f4 exf4 17. Bxf4 Nc6 18. Qf2 Nd4 19. Ba4 d5 20. exd5 Nxd5 21. Bg3 f5 22. Be5
f4 23. Bxd4 cxd4 24. Qxd4 Ne3 25. Qxd8 Rxd8 26. Rxf4 Bc5 27. Kh1 Nxc4 28. Nxc4
Rd4 29. Rxd4 Bxd4 30. Bb3 Kh7 31. Re1 Bg8 32. Nd6 Bxb3 33. Nxb7 Bxc2 34. Re4 1-0

[Event "Airthings Masters - Torneo Preliminare"]
[Site "Internet"]
[Date "03.02.2023"]
[Round "5"]
[White "Chirila, Ioan-Cristian"]
[Black "Sharapov, Evgeny"]
[Result "1-0"]
[WhiteTitle ""]
[BlackTitle ""]
[WhiteElo "2543"]
[BlackElo "2375"]
[WhiteFideId "1211668"]
[BlackFideId "14103133"]
[EventDate "2023.02.03"]

1. d4 d5 2. c4 c6 3. cxd5 cxd5 4. Bf4 Nc6 5. Nc3 Nf6 6. e3 a6 7. Bd3 Bg4 8. f3
Bh5 9. Nge2 Bg6 10. O-O Bxd3 11. Qxd3 e6 12. Rfc1 Be7 13. Na4 O-O 14. a3 Nh5 15.
Nc5 Nxf4 16. Nxf4 Bxc5 17. Rxc5 Qb6 18. b4 a5 19. b5 Ne5 20. Qc3 Nc4 21. e4 Qd6
22. Nxd5 Nb6 23. Nxb6 Qxb6 24. a4 Rad8 25. Rd1 h6 26. g3 Rd6 27. Kg2 Rfd8 28. d5
Kh7 29. Rc7 exd5 30. Rxf7 d4 31. Qc7 Qxc7 32. Rxc7 d3 33. Rxb7 Rd4 34. Kf2 Rxa4
35. Ke3 Ra3 36. Rd2 Rb3 37. b6 a4 38. Ra7 Rxb6 39. Rxa4 Rb3 40. Rd4 Rxd4 41.
Kxd4 h5 42. h4 Kg6 43. Rxd3 Rb2 44. Ke5 Rg2 45. f4 1-0

[Event "Airthings Masters - Torneo Preliminare"]
[Site "Internet"]
[Date "03.02.2023"]
[Round "5"]
[White "Bok, Benjamin"]
[Black "Sankalp, Gupta"]
[Result "1/2-1/2"]
[WhiteTitle ""]
[BlackTitle ""]
[WhiteElo "2607"]
[BlackElo "2504"]
[WhiteFideId "1017063"]
[BlackFideId "5097010"]
[EventDate "2023.02.03"]

1. d4 Nf6 2. c4 e6 3. Nc3 Bb4 4. Qc2 O-O 5. a3 Bxc3+ 6. Qxc3 b6 7. Bg5 Bb7 8. e3
h6 9. Bh4 g5 10. Bg3 Ne4 11. Qc2 d6 12. Bd3 f5 13. f3 Nxg3 14. hxg3 Qf6 15.
O-O-O c5 16. Ne2 Nc6 17. Rh5 Kg7 18. dxc5 dxc5 19. Rdh1 Rh8 20. f4 Rad8 21. g4
Ne7 22. Ng3 Kf7 23. gxf5 exf5 24. Nxf5 Rxd3 25. Nxh6+ Rxh6 26. Rxh6 Qf5 27. Rh7+
Kf8 28. Rh8+ Ng8 29. R1h5 Qe4 30. Rxg5 Qxe3+ 31. Kb1 Be4 32. Rgxg8+ Kf7 33. Rf8+
Kg7 34. Rhg8+ Kh7 35. Rh8+ Kg7 36. Rfg8+ Kf7 37. Rf8+ Kg7 1/2-1/2

[Event "Airthings Masters - Torneo Preliminare"]
[Site "Internet"]
[Date "03.02.2023"]
[Round "5"]
[White "Raja, Harshit"]
[Black "Tomashevsky, Evgeny"]
[Result "1-0"]
[WhiteTitle ""]
[BlackTitle ""]
[WhiteElo "2465"]
[BlackElo "2694"]
[WhiteFideId "5089000"]
[BlackFideId "4147235"]
[EventDate "2023.02.03"]

1. e4 e5 2. Nf3 Nc6 3. Bb5 a6 4. Ba4 Nf6 5. O-O Be7 6. d3 d6 7. c4 O-O 8. h3 Nd7
9. Be3 Bf6 10. Nc3 Nd4 11. Bxd4 exd4 12. Ne2 Nc5 13. b4 Nxa4 14. Qxa4 b5 15. Qc2
Bb7 16. Nf4 Rc8 17. Rac1 c5 18. bxc5 dxc5 19. Nd5 Bxd5 20. cxd5 c4 21. e5 Bg5
22. Rce1 Bh6 23. d6 Qb6 24. Re4 Rc5 25. Rfe1 Rd5 26. dxc4 Qc5 27. Rh4 bxc4 28.
Qe4 d3 29. Qxc4 d2 30. Rd1 Rc8 31. Qg4 Kf8 32. Kh2 Qc3 33. Qe4 Rcc5 34. Qxh7 Ke8
35. Qg8+ Kd7 36. Qxf7+ Kc6 37. Qc7+ Kb5 38. a4# 1-0

[Event "Airthings Masters - Torneo Preliminare"]
[Site "Internet"]
[Date "03.02.2023"]
[Round "5"]
[White "Yakubboev, Nodirbek"]
[Black "Ponkratov, Pavel"]
[Result "1/2-1/2"]
[WhiteTitle ""]
[BlackTitle ""]
[WhiteElo "2630"]
[BlackElo "2577"]
[WhiteFideId "14203987"]
[BlackFideId "4157800"]
[EventDate "2023.02.03"]

1. c4 e5 2. Nc3 Nf6 3. Nf3 Nc6 4. e4 g6 5. h3 Bg7 6. d3 d6 7. g3 O-O 8. Bg2 Rb8
9. Be3 a6 10. a3 b5 11. b4 Be6 12. cxb5 axb5 13. O-O h6 14. Rc1 Qd7 15. Kh2 d5
16. Bc5 Rfe8 17. Qc2 d4 18. Ne2 Nxe4 19. dxe4 d3 20. Qb2 dxe2 21. Qxe2 Bc4 22.
Rxc4 bxc4 23. Qxc4 Qe6 24. Rc1 Qxc4 25. Rxc4 Ra8 26. b5 Na5 27. Rc3 Nb7 28. Bb4
Bf8 29. Bxf8 Kxf8 30. Rxc7 Nd6 31. Rc5 Nxe4 32. Rxe5 Rxa3 33. b6 Rxe5 34. Nxe5
Nc5 35. Bd5 Ra5 36. Nxf7 Kg7 37. Ne5 Rb5 38. Nc4 Rb4 39. h4 Kf6 40. Kg2 Nd7 41.
b7 Nc5 42. Na5 Rb2 43. Nc4 Rb5 44. Nd6 Rb2 45. Ne4+ Nxe4 46. Bxe4 g5 47. hxg5+
hxg5 48. Kh3 Rb4 49. f3 Rb6 50. Kg4 Rb4 51. f4 gxf4 52. Kxf4 Rb2 53. g4 Rb4 54.
g5+ Kg7 55. Ke5 Rb5+ 56. Kd6 Rxb7 57. Bxb7 Kg6 58. Ke5 Kxg5 1/2-1/2

[Event "Airthings Masters - Torneo Preliminare"]
[Site "Internet"]
[Date "03.02.2023"]
[Round "5"]
[White "Cardoso Cardoso, Jose Gabriel"]
[Black "Hammer, Jon Ludvig"]
[Result "0-1"]
[WhiteTitle ""]
[BlackTitle ""]
[WhiteElo "2498"]
[BlackElo "2631"]
[WhiteFideId "4430492"]
[BlackFideId "1503707"]
[EventDate "2023.02.03"]

1. Nf3 d5 2. e3 Nf6 3. c4 c6 4. Qc2 e6 5. b3 Bd6 6. Bb2 Nbd7 7. Nc3 a6 8. Be2 b5
9. O-O O-O 10. d4 Bb7 11. Rfd1 bxc4 12. bxc4 dxc4 13. e4 Bb4 14. e5 Bxc3 15.
Qxc3 Nd5 16. Qxc4 c5 17. dxc5 Rc8 18. Ba3 Qa5 19. Qb3 Bc6 20. Rdc1 Rb8 21. Nd4
Rxb3 22. axb3 Nxe5 23. Bb2 Qd2 24. Rc2 Qg5 25. g3 Nf4 26. Bf1 Qh5 27. Rc3 Nh3+
28. Bxh3 Qxh3 29. f3 Bd5 30. c6 Rc8 31. Rxa6 g5 32. Re3 f6 33. Re2 Nxc6 34. Nxc6
Rxc6 35. Ra7 Qf5 36. Rf2 Rc2 37. Bd4 Rxf2 0-1

[Event "Airthings Masters - Torneo Preliminare"]
[Site "Internet"]
[Date "03.02.2023"]
[Round "5"]
[White "Swiercz, Dariusz"]
[Black "Jonkman, Harmen"]
[Result "1-0"]
[WhiteTitle ""]
[BlackTitle ""]
[WhiteElo "2646"]
[BlackElo "2328"]
[WhiteFideId "1126881"]
[BlackFideId "1002708"]
[EventDate "2023.02.03"]

1. e4 e5 2. Nf3 Nc6 3. Bb5 Nf6 4. d3 Bc5 5. c3 O-O 6. O-O d5 7. Nbd2 Re8 8. h3
a6 9. Ba4 b5 10. Bc2 h6 11. Re1 Bb7 12. a4 Bb6 13. Qe2 b4 14. Nf1 bxc3 15. bxc3
d4 16. Bd2 dxc3 17. Bxc3 Nd4 18. Bxd4 Bxd4 19. Nxd4 Qxd4 20. Qe3 Rad8 21. Rec1
Re7 22. a5 Bc8 23. Ra4 Qb2 24. Raa1 Bd7 25. Qc5 Ree8 26. Rab1 Qd4 27. Qxd4 exd4
28. Bb3 Bb5 29. Rxc7 Rd7 30. Rbc1 Bxd3 31. f3 Rb8 32. Nd2 Rb7 33. Rc8+ Kh7 34.
R1c5 g5 35. Kf2 Rb5 36. Rxb5 Bxb5 37. Rc5 Kg7 38. g3 Bd3 39. Bc4 Bxc4 40. Nxc4
Ne8 41. Ke2 d3+ 42. Kd2 Nc7 43. Nb6 Re7 44. Kxd3 Ne6 45. Rc8 h5 46. Ke3 f5 47.
exf5 Nf4+ 48. Kd4 Nxh3 49. f6+ Kxf6 50. Nd5+ Ke6 51. Nxe7 Kxe7 52. Ra8 Ng1 53.
Ke3 h4 54. gxh4 gxh4 55. Rxa6 h3 56. Rh6 Kf7 57. a6 Kg7 58. Rh4 Kg6 59. Rg4+ Kh5
60. Rxg1 h2 61. Rh1 Kg5 62. Rxh2 Kf5 63. a7 1-0